Îles de la Polynésie Française - Mort subite - Statistiques

Statistiques générales
  • Ce quiz a été pris 212 fois
  • Le résultat moyen est 6 sur 15
Answers on the Grid
Answers color-coded by a green-red scale on the quiz's grid according to % correct below.
Bora Bora
Maui
Nukuhifala
Nuku Hiva
Hawaï
Tahiti
Tafahi
Raiatea
Futuna
Rangiroa
Huahine
Oahu
Tutuila
Niutao
Hereheretue
Rapa Nui
Maui
Fakarava
Nanumaga
Hao
Tikehau
Aotearoa
Maiao
Niihau
Marutea
Tetiaroa
Alofi
Tahaa
Rurutu
Uvea
 
Statistiques - réponses
Réponse % Correct
Bora Bora
92%
Tahiti
70%
Raiatea
48%
Rangiroa
47%
Huahine
42%
Nuku Hiva
41%
Fakarava
31%
Tikehau
30%
Rurutu
29%
Tahaa
29%
Tetiaroa
29%
Hao
22%
Marutea
19%
Maiao
16%
Hereheretue
13%
Aucun quiz correspondant
Distribution des résultats
% des personnes avec chaque résultat
Percentile par nombre de réponses
Votre historique - résultats
Vous n’avez pas pris ce quiz